Design and construction of concrete floors / (Record no. 532569)

000 -LEADER
fixed length control field 01249cam a2200313 a 4500
001 - CONTROL NUMBER
control field 14786752
003 - CONTROL NUMBER IDENTIFIER
control field NUST
005 - DATE AND TIME OF LATEST TRANSACTION
control field 20191125161701.0
008 - FIXED-LENGTH DATA ELEMENTS--GENERAL INFORMATION
fixed length control field 070327s2006 maua b 001 0 eng
010 ## - LIBRARY OF CONGRESS CONTROL NUMBER
LC control number 2006925413
020 ## - INTERNATIONAL STANDARD BOOK NUMBER
International Standard Book Number 0750666560
038 ## - RECORD CONTENT LICENSOR
Staff Name MSOHAIL
040 ## - CATALOGING SOURCE
Original cataloging agency DLC
Transcribing agency DLC
Modifying agency DLC
050 00 - LIBRARY OF CONGRESS CALL NUMBER
Classification number TH2529.C6
Item number G37 2006
082 00 - DEWEY DECIMAL CLASSIFICATION NUMBER
Classification number 690.16
Edition number 22
100 1# - MAIN ENTRY--PERSONAL NAME
Personal name Garber, G.
Fuller form of name (George)
9 (RLIN) 26160
245 10 - TITLE STATEMENT
Title Design and construction of concrete floors /
Statement of responsibility, etc. George Garber.
250 ## - EDITION STATEMENT
Edition statement 2nd ed.
260 ## - PUBLICATION, DISTRIBUTION, ETC.
Place of publication, distribution, etc. Burlington, MA :
Name of publisher, distributor, etc. Elsevier/Butterworth-Heinemann,
Date of publication, distribution, etc. 2006.
300 ## - PHYSICAL DESCRIPTION
Extent ix, 384 p. :
Other physical details ill. ;
Dimensions 24 cm.
504 ## - BIBLIOGRAPHY, ETC. NOTE
Bibliography, etc. note Includes bibliographical references (p. [365]-367) and index.
650 #0 - SUBJECT ADDED ENTRY--TOPICAL TERM
Topical term or geographic name entry element Floors, Concrete
General subdivision Design and construction.
9 (RLIN) 26161
856 41 - ELECTRONIC LOCATION AND ACCESS
Materials specified Table of contents only
Uniform Resource Identifier <a href="http://www.loc.gov/catdir/toc/fy0708/2006925413.html">http://www.loc.gov/catdir/toc/fy0708/2006925413.html</a>
856 42 - ELECTRONIC LOCATION AND ACCESS
Materials specified Publisher description
Uniform Resource Identifier <a href="http://www.loc.gov/catdir/enhancements/fy0710/2006925413-d.html">http://www.loc.gov/catdir/enhancements/fy0710/2006925413-d.html</a>
856 42 - ELECTRONIC LOCATION AND ACCESS
Materials specified Contributor biographical information
Uniform Resource Identifier <a href="http://www.loc.gov/catdir/enhancements/fy1113/2006925413-b.html">http://www.loc.gov/catdir/enhancements/fy1113/2006925413-b.html</a>
906 ## - LOCAL DATA ELEMENT F, LDF (RLIN)
a 7
b cbc
c origcop
d 2
e ncip
f 20
g y-gencatlg
942 ## - ADDED ENTRY ELEMENTS (KOHA)
Source of classification or shelving scheme
Koha item type Book
Holdings
Withdrawn status Lost status Source of classification or shelving scheme Damaged status Not for loan Permanent Location Current Location Date acquired Total Checkouts Full call number Barcode Date last seen Price effective from Koha item type
          School of Civil and Environmental Engineering (SCEE) School of Civil and Environmental Engineering (SCEE) 11/25/2019   690.16 NIT-12433 11/25/2019 11/25/2019 Book
© 2023 Central Library, National University of Sciences and Technology. All Rights Reserved.